Antennas / (Record no. 194214)
[ view plain ]
| 000 -LEADER | |
|---|---|
| fixed length control field | 00755 a2200205 4500 |
| 003 - CONTROL NUMBER IDENTIFIER | |
| control field | Nust |
| 005 - DATE AND TIME OF LATEST TRANSACTION | |
| control field | 20221117181950.0 |
| 010 ## - LIBRARY OF CONGRESS CONTROL NUMBER | |
| LC control number | 75319752 |
| 020 ## - INTERNATIONAL STANDARD BOOK NUMBER | |
| International Standard Book Number | 0713132795 : |
| 040 ## - CATALOGING SOURCE | |
| Transcribing agency | Nust |
| 082 00 - DEWEY DECIMAL CLASSIFICATION NUMBER | |
| Classification number | 621.380283,CON |
| 100 1# - MAIN ENTRY--PERSONAL NAME | |
| Personal name | Connor, F. R. |
| 9 (RLIN) | 41478 |
| 245 10 - TITLE STATEMENT | |
| Title | Antennas / |
| Statement of responsibility, etc. | [by] F. R. Connor. |
| 260 ## - PUBLICATION, DISTRIBUTION, ETC. | |
| Place of publication, distribution, etc. | London : |
| Name of publisher, distributor, etc. | Edward Arnold, |
| Date of publication, distribution, etc. | 1972. |
| 300 ## - PHYSICAL DESCRIPTION | |
| Extent | [7], 99 p. : |
| Other physical details | ill. ; |
| Dimensions | 22 cm. |
| 490 0# - SERIES STATEMENT | |
| Series statement | His Introductory topics in electronics and telecommunication |
| 505 ## - FORMATTED CONTENTS NOTE | |
| Formatted contents note | Introduction (Page-1),Elementary Antennas (Page-60), Vertical and Horizontal Antennas (Page-20), Antenna Arrays (Page-36), Microwave Antennas (Page-51), Electromagnetic Waves (Page-66), Appendices (Page-89). |
| 650 #0 - SUBJECT ADDED ENTRY--TOPICAL TERM | |
| Topical term or geographic name entry element | Antennas (Electronics) |
| 942 ## - ADDED ENTRY ELEMENTS (KOHA) | |
| Source of classification or shelving scheme | |
| Koha item type | Book |
| Withdrawn status | Lost status | Source of classification or shelving scheme | Damaged status | Not for loan | Permanent Location | Current Location | Shelving location | Date acquired | Full call number | Barcode | Date last seen | Price effective from | Koha item type | Public note |
|---|---|---|---|---|---|---|---|---|---|---|---|---|---|---|
| Military College of Signals (MCS) | Military College of Signals (MCS) | General Stacks | 12/12/2016 | 621.380283,CON | MCS5066 | 12/08/2016 | 12/12/2016 | Book | Almirah No.30, Shelf No.6 |
